Dinámica laboral de la industria en Chile /

Este estudio analiza la dinámica laboral de la industria en Chile a través de información descriptiva y paramétrica, a nivel de plantas industriales entre 1979 y 2000. Examina la creación, destrucción y rotación de empleo, e investiga su vínculo con el ciclo económico, las características según sect...

Full description

Bibliographic Details
Main Author: Vergara M., Sebastián
Format: Analitica de revista
Language:Spanish

MARC

LEADER 00000cab a2200000 a 4500
001 041932
003 UAHC_CL
005 20170803124631.0
008 050914b xx j 000 1 spa
040 |a UAHC_CL  |c UAHC_CL  |d UAHC_CL 
100 1 |a Vergara M., Sebastián 
245 1 0 |a Dinámica laboral de la industria en Chile /  |c Sebastián Vergara M. 
500 |a En: Revista de la CEPAL, nû86, 2005. p.147-166 ISSN 0252-0257 
500 |a En: Revista de la CEPAL, n°86, 2005. p.147-166 ISSN 0252-0257 
500 |a En: Revista de la CEPAL, nç86, 2005. p.147-166 ISSN 0252-0257 
520 |a Este estudio analiza la dinámica laboral de la industria en Chile a través de información descriptiva y paramétrica, a nivel de plantas industriales entre 1979 y 2000. Examina la creación, destrucción y rotación de empleo, e investiga su vínculo con el ciclo económico, las características según sectores y tamaño de las plantas. Encuentra evidencia de creación de empleo procíclica y destrucción de empleo contracíclica; de rotación laboral contracíclica y asociada inversamente al tamaño; de fuerte heterogeneidad entre sectores; de la gran importancia de la demografía empresarial en la evolución del empleo, y de la principal responsabilidad de grandes empresas en los flujos laborales. Luego analiza el impacto de la liberalización comercial, el tipo de cambio y las ventajas comparativas sobre los flujos de empleo sectoriales. Concluye que una reducción arancelaria incrementa la destrucción y, por lo tanto, la rotación de empleo, y que las ventajas comparativas y el alza del tipo de cambio tienen un efecto positivo sobre la creación de empleo y la rotación laboral. 
520 |a Este estudio analiza la dinámica laboral de la industria en Chile a través de información descriptiva y paramétrica, a nivel de plantas industriales entre 1979 y 2000. Examina la creación, destrucción y rotación de empleo, e investiga su vínculo con el ciclo económico, las características según sectores y tamaño de las plantas. Encuentra evidencia de creación de empleo procíclica y destrucción de empleo contracíclica; de rotación laboral contracíclica y asociada inversamente al tamaño; de fuerte heterogeneidad entre sectores; de la gran importancia de la demografía empresarial en la evolución del empleo, y de la principal responsabilidad de grandes empresas en los flujos laborales. Luego analiza el impacto de la liberalización comercial, el tipo de cambio y las ventajas comparativas sobre los flujos de empleo sectoriales. Concluye que una reducción arancelaria incrementa la destrucción y, por lo tanto, la rotación de empleo, y que las ventajas comparativas y el alza del tipo de cambio tienen un efecto positivo sobre la creación de empleo y la rotación laboral. 
520 |a Este estudio analiza la din·mica laboral de la industria en Chile a travÈs de informaciÛn descriptiva y paramÈtrica, a nivel de plantas industriales entre 1979 y 2000. Examina la creaciÛn, destrucciÛn y rotaciÛn de empleo, e investiga su vÌnculo con el ciclo econÛmico, las caracterÌsticas según sectores y tamaÒo de las plantas. Encuentra evidencia de creaciÛn de empleo procÌclica y destrucciÛn de empleo contracÌclica; de rotaciÛn laboral contracÌclica y asociada inversamente al tamaÒo; de fuerte heterogeneidad entre sectores; de la gran importancia de la demografÌa empresarial en la evoluciÛn del empleo, y de la principal responsabilidad de grandes empresas en los flujos laborales. Luego analiza el impacto de la liberalizaciÛn comercial, el tipo de cambio y las ventajas comparativas sobre los flujos de empleo sectoriales. Concluye que una reducciÛn arancelaria incrementa la destrucciÛn y, por lo tanto, la rotaciÛn de empleo, y que las ventajas comparativas y el alza del tipo de cambio tienen un efecto positivo sobre la creaciÛn de empleo y la rotaciÛn laboral. 
759 |a PP139 
773 0 |t Revista de psicología  |w 042475 
900 |a REVISTA DE LA CEPAL-85/05 
942 |c REVA 
952 |0 0  |1 0  |4 0  |6 REVISTA_DE_LA_CEPAL85_05_000000000000000  |7 0  |8 General  |9 78526  |a BC  |b BC  |c General  |d 2017-08-03  |l 0  |o REVISTA DE LA CEPAL-85/05  |p FICTICIO7306  |r 2019-01-08 00:00:00  |t 1  |w 2017-08-03  |y REVA 
999 |c 41932  |d 41932